000 02372nam0a22003251 4500
001 rc\4212430
005 20250611133554.0
021 _aRU
_b[53-32775]
035 _a(NLR Aleph) 008209761
090 _a8089235
_c8089235
100 _a20130415d1953 |||y0rusy50 ca
101 0 _arus
102 _aRU
105 _ac z |||||
200 1 _aФилософские и общественно-политические произведения петрашевцев
_f[Вступ. статья "Социально-политические и философские взгляды петрашевцев", с. 7-110, и общ. ред. В.Е. Евграфова
_gПримеч. М.Я. Полякова]
_gАкад. наук СССР. Ин-т философии
210 _aМосква]
_cГосполитиздат
_d1953
215 _a824 с., 2 л. портр.
_cпортр.
_d20
320 _aСписок иностр. книг [б-ки] М.В. Петрашевского: с. 729-746
327 0 _aАвторы: М.В. Буташевич-Петрашевский, Н.А. Спешнев, А.В. Ханыков, А.П. Баласогло, Н.А. Момбелли, В.А. Головинский, П.Н. Филиппов, Н.П. Григорьев, Н.С. Кашкин, Д.Д. Ахшарумов, Ф.Г. Толь, И.М. Дебу, П.А. Кузьмин, А.Н. Плещеев
464 0 _1701#1$aБуташевич-Петрашевский$bМ.В.
_1701#1$aСпешнев$bН.А.
_1701#1$aХаныков$bА.В.
_1701#1$aБаласогло$bА.П.
_1701#1$aМомбелли$bН.А.
_1701#1$aГоловинский$bВ.А.
_1701#1$aФилиппов$bП.Н.
_1701#1$aГригорьев$bН.П.
_1701#1$aКашкин$bН.С.
_1701#1$aАхшарумов$bД.Д.
_1701#1$aТоль$bФ.Г.
_1701#1$aДебу$bИ.М.
_1701#1$aКузьмин$bП.А.
_1701#1$aПлещеев$bА.Н.
606 _aПетрашевцы
_2psbo
606 _aОбщественная мысль в России
_z19 в.
_2psbo
702 1 _aЕвграфов
_bВ.Е.
_gВасилий Евграфович
_4080
_4340
702 1 _4212
_7ca
_8rus
_aПоляков
_bМ. Я.
_cлитературовед
_f1916-2011
_gМарк Яковлевич
_9170402
_3RU\NLR\AUTH\770170452
801 0 _aRU
_bNLR
_gpsbo
801 1 _aRU
_bELAR
_2rusmarc
852 _aNLR
_jФ70 Г-3/38
942 _cBOOK
980 _aNB